=LDR 00000nam 2200000 4500 =001 NUTBA000000000005824 =005 20240507082751 =035 ##$$a 0010-111400000000303 =008 240507###########################0#ind## =020 ##$$a 978-979-019-004-7 =040 ##$$a NBPDMAT =090 ##$$a 028.5 $b Sem s =100 ##$$a Sema Gul =245 1#$$a Sistem pernafasan /$c Sema Gul =260 ##$$a Jakarta :$b Yudhistira,$c 2007 =300 ##$$a 32 hlm. : $b ilus. ; $c 28 cm. =650 #4$$a Bacaan Kanak - Kanak - Pernafasan =850 ##$$a NBPDMAT =082 ##$$a 028.5 =084 ##$$a 028.5 SEM s =990 ##$$a 21415997 =990 ##$$a 21415998 =990 ##$$a 21415999 =990 ##$$a 21416000 =990 ##$$a 21416001